006480000a22001450004500090001400000245011600014041001400130500004500144700002500189100003500214942001300249773004900262999001700311952017400328 aARb0427910aNueva especie de Tachygerris y nuevos registros de colecta de las Gerridae (Hemiptera: Heteroptera) de Colombia0 aEspañol a1 aNiesser, Nico9981521 aPadilla Gil, Dora Nancy998153 cARTICULO1 tAgronomía Colombianah1-2q55-67d2001g21 c13376d13376 001040718HEMEROTECAaBogotabBogotad2006-11-20eTrujillo, DiegohFuera de circulaciónl0oAR 04279p023722r2015-03-25 00:00:00t1w2015-03-25xEntregadoyARTICULO